000 00653nam a2200289Ia 4500
005 20260324130714.0
008 008 260324s9999 xx 000 0 eng d
020 _a9781315419695
037 _aEBOOK
040 _aCRL
040 _beng
040 _cCRL
041 _2eng
041 _aeng
084 _qCRL
100 _aRob Swigart
_91182791
245 0 _aStone Mirror
245 2 _bA Novel of the Neolithic
260 _bTaylor and Francis
260 _c2007
365 _a
365 _b220
856 _uhttp://www.taylorfrancis.com/books/9781315419695
942 _cEBOOK
999 _c1779188
_d1779188